Personnages possédant le Rinnegan - Naruto - Statistiques

Statistiques générales
  • Ce quiz a été pris 1 359 fois
  • Le résultat moyen est 5 sur 8
Statistiques - réponses
Hint Réponse % Correct
Clan Uzumaki Nagato
96%
Clan Uchiwa Sasuke
96%
Clan Uchiwa Madara
95%
Clan Uchiwa Obito
92%
Clan Ōtsutsuki Hagoromo
61%
Clan Ōtsutsuki Momoshiki
35%
Membre de l'Akatsuki Zetsu Noir
31%
Clan Ōtsutsuki(anime seulement) Urashiki
18%
Aucun quiz correspondant
Distribution des résultats
% des personnes avec chaque résultat
Percentile par nombre de réponses
Votre historique - résultats
Vous n’avez pas pris ce quiz